| 000 | 00915nam a2200277 i 4500 | ||
|---|---|---|---|
| 003 | DO-SdBNP | ||
| 005 | 20250715103721.0 | ||
| 007 | ta | ||
| 008 | 250715b2025 dr ||||| |||| 00| 0 spa d | ||
| 020 | _a9789945649574 | ||
| 040 |
_aDO-SdBNP _bspa _cBNPHU _erda |
||
| 041 | _aspa | ||
| 082 |
_axxx _bS237 _222 |
||
| 100 | 1 |
_aSantos de Thibodeau, Abigail _eautora _4aut. _987532 |
|
| 245 | 1 | 0 |
_aGlosario de terminología jurídica / _cAbigail Santos de Thibodeau |
| 246 | 1 |
_aEvolución legal en palabras : _bglosario de terminología jurídica / |
|
| 264 |
_aSanto Domingo : _bPrintbarato, _c2025. |
||
| 300 |
_a152 páginas ; _c22 cm. |
||
| 336 |
_atexto _btxt _2rdacontent |
||
| 337 |
_asin mediación _bn _2rdamedia |
||
| 338 |
_avolumen _bnc _2rdacarrier |
||
| 500 | _aIncluye datos biografícos de la autora en la contracubierta. | ||
| 590 | _aInventariado, 2025/ YL | ||
| 910 | _aYLockward | ||
| 942 |
_2ddc _cLBS1 |
||
| 999 |
_c58809 _d58809 |
||